<?xml version="1.0" encoding="UTF-8"?>
<collection xmlns="http://www.loc.gov/MARC21/slim">
  <record>
    <leader>00000nam  2200000   4500</leader>
    <controlfield tag="001">INLIS000000000018444</controlfield>
    <controlfield tag="005">20241118082045</controlfield>
    <datafield tag="035" ind1="#" ind2="#">
      <subfield code="a">0010-1124000110</subfield>
    </datafield>
    <controlfield tag="007">ta</controlfield>
    <controlfield tag="008">241118###########################0######</controlfield>
    <datafield tag="245" ind1="#" ind2="#">
      <subfield code="a">PELITA-PBL :</subfield>
      <subfield code="b">Peningkatan Kualitas Lulusan Program Studi Agroindustri melalui Metode Pembelajran Project Based Learning di Politeknik Negeri Fakfak /</subfield>
      <subfield code="c">Andi Fitra Suloi, S.TP., M.TP</subfield>
    </datafield>
    <datafield tag="260" ind1="#" ind2="#">
      <subfield code="a">Makassar :</subfield>
      <subfield code="b">Puslatbang KMP LAN RI,</subfield>
      <subfield code="c">2024</subfield>
    </datafield>
    <datafield tag="300" ind1="#" ind2="#">
      <subfield code="a">41 ;</subfield>
      <subfield code="c">30</subfield>
    </datafield>
    <datafield tag="650" ind1="#" ind2="4">
      <subfield code="a">Peningkatan kualitas lulusan program studi agroindustri</subfield>
    </datafield>
    <datafield tag="700" ind1=" " ind2="#">
      <subfield code="a">Budiman, S.T., M.T (Mentor)</subfield>
    </datafield>
    <datafield tag="700" ind1=" " ind2="#">
      <subfield code="a">Asriani Rasyid, S.E., M.Si (Coach)</subfield>
    </datafield>
    <datafield tag="520" ind1="#" ind2="#">
      <subfield code="a">Menurut Undang-Undang Republik Indonesia Nomor 20 Tahun 2023.  ASN adalah profesi bagi pegawai negeri sipil dan pegawai pemerintah dengan perjanjian kerja yang bekerja pada Instansi pemerintah. Pendidikan dan pelatihan CPNS ditindaklanjuti dengan PerLAN Nomor 10 Tahun 2021 tentang Pelatihan Dasar Calon PNS. Setiap Calon Pegawai Negara Sipil (CPNS) wajib mengikuti proses pendidikan dan pelatihan dasar (Latsar) sebagai salah satu syarat untuk diangkat menjadi seorang PNS. Tujuan pelaksanaan latsar CPNS adalah untuk mengasah kemampuan peserta dalam menganalisis isu-isu strategis yang terjadi di instansi kerja dan mendorong kreativitas peserta dalam mengatasi isu strategis tersebut dengan mengaktualisasikan nilai-nilai dasar ASN "BerAKHLAK" Pelaksanaan aktulisasi latsar pelaksanaan aktualisasi latsar CPNS dimulai pada tanggal 16 September - 12 Oktober 2024 di Politeknik Negeri Fakfak.Hasil penggallan isu yang diperoleh poda Program Studi Agroindustri Politeknik Negen Fakfak antara lain belum optimalnya proses pembelajaran Project Based Learning pada Program Studi Agroindustri Politeknik Negen Fakfak. belum adanya panduan penyelenggaraan Merdeka Belajar Kampus Merdeka di Program Studi Agroindustri Politeknik Negeri Fakfak, belum optimalnya penguatan character building mahasiswa Program Studi Agroindustri Politeknik Negeri Fokfak Berdasarkan tapisan isu menggunakan metode APKL diperoleh dua isu utama yang kemudian dilanjutkan dengan analisis USG sehingga diperoleh isu utama yakni belum optimalnya proses pembelajaran Project Based Learning pada Program Studi Agroindustri Politeknik Negeri Fakfak.</subfield>
    </datafield>
    <datafield tag="856" ind1="#" ind2="#">
      <subfield code="a">Puslatbang KMP LAN</subfield>
    </datafield>
  </record>
</collection>
